000 00966nas a2200313 4500
001 BR0400534
003 BR-BrBNA
005 20231205104257.0
007 ta
008 230509b bl.|||p| |||| 00| 00por d
040 _aBR-BrBNA
_bpor
_cBiblioteca Nacional de Agricultura
041 _a(Pt)
072 _aH10
100 1 _aGarcia, F.R.M.
100 1 _aCampos, J.V.
100 1 _aCorseuil, E.
245 1 _aFlutuação populacional de Anastrepha fraterculus (Wiedemann, 1930)(Diptera, Tephritidae)na Região Oeste de Santa Catarina, Brasil
650 _aAMEIXA
650 _aLARANJA
650 _aPESSEGO
650 _aTANGERINA
650 _aMOSCA DAS FRUTAS
650 _aFLUTUAÇÃO POPULACIONAL
650 _aARMADILHA
650 _aSANTA CATARINA
773 0 _tRevista Brasileira de Entomologia (Brazil)
_xISSN 0085-5626
_g(Jul-Sep 2003), v. 47(3) p. 415-420
_wBR0400534
909 _a202311
_bLúcia
_c55
_dLúcia Elande
942 _2AGRIS
_n0
_cANA
999 _c177323
_d177323